|
|
|
|
| LEADER |
00000nam0a2200000 4500 |
| 001 |
32683 |
| 005 |
20231030205225.0 |
| 035 |
|
|
|a (RuTPU)RU\TPU\book\32984
|
| 035 |
|
|
|a BOOK00000036
|
| 090 |
|
|
|a 32683
|
| 100 |
|
|
|a 20011210d1974 km y0rusy50 ca
|
| 101 |
0 |
|
|a rus
|
| 102 |
|
|
|a RU
|
| 105 |
|
|
|a a z 000zy
|
| 200 |
1 |
|
|a Ошибки измерений физических величин
|f А. Н. Зайдель
|
| 210 |
|
|
|a Ленинград
|c Наука
|d 1974
|
| 215 |
|
|
|a 108 с.
|c ил.
|
| 320 |
|
|
|a Библиогр.: с. 107.
|
| 451 |
|
1 |
|0 (RuTPU)RU\TPU\book\91078
|y 5-8114-0643-6
|t Ошибки измерений физических величин
|o учебное пособие
|f А. И. Зайдель
|e 2-е изд., стер.
|c Москва
|n Лань
|d 2005
|p 109 с.
|a Зайдель, Александр Натанович
|
| 610 |
1 |
|
|a физика
|
| 610 |
1 |
|
|a физические величины
|
| 610 |
1 |
|
|a измерения
|
| 610 |
1 |
|
|a ошибки
|
| 610 |
1 |
|
|a теория вероятностей
|
| 610 |
1 |
|
|a вычисления
|
| 675 |
|
|
|a 531.7
|v 3
|
| 675 |
|
|
|a 519.2
|v 3
|
| 700 |
|
1 |
|a Зайдель
|b А. Н.
|g Александр Натанович
|
| 801 |
|
0 |
|a RU
|b 63413507
|c 20011210
|g PSBO
|
| 801 |
|
2 |
|a RU
|b 63413507
|c 20210129
|g PSBO
|
| 942 |
|
|
|c BK
|